000
00316nam a2200133Ia 4500
005
20260328101528.0
008
260328s9999||||xx |||||||||||||| ||und||
100
_a
Blaser, Werner
245
0
_a
Mies Van der Rohe /
_c
Werner Blaser
260
_b
Gustavo Gili
300
_a
204 p.
650
_a
ARQUITECTOS
942
_c
BK
999
_c
9885
_d
9885